LEADER 01389nam0-22003851i-450- 001 990001334460403321 010 $a0-8218-0297-6 035 $a000133446 035 $aFED01000133446 035 $a(Aleph)000133446FED01 035 $a000133446 100 $a20000920d1995----km-y0itay50------ba 101 0 $aeng 200 1 $aApplications of hypergroups and related measure algebras$ea joint summer research conference, july 31-august 6, 1993, Seattle (WA)$fEditors William C. Connett, Marc-Olivier Gebuhrer, Alan L. Schwartz. 210 $aProvidence (RI)$cAmerican Mathematical Society$dc1995. 215 $axiii, 441 p.$d24 cm 225 1 $aContemporary mathematics$v183 610 0 $aIpergruppi$aCongressi 610 0 $aMisure algebriche$aCongressi 676 $a515.785 702 1$aConnett,$bWilliam C. 702 1$aGebuhrer,$bMarc-Olivier 702 1$aSchwartz,$bAlan L. 702 1$aSeattle (wa),$b1993 710 11$aJOINT SUMMER RESEARCH CONFERENCE ON APPLICATIONS OF HYPERGROUPS AND RELATED MEASURE ALGEBRAS, July 31-August 6, 1993, Seattle, Washington$0350793 801 0$aIT$bUNINA$gRICA$2UNIMARC 901 $aBK 912 $a990001334460403321 952 $aC-1-(183$b13958$fMA1 959 $aMA1 962 $a43A62 962 $a34B24 996 $aApplications of hypergroups and related measure algebras$9376042 997 $aUNINA DB $aING01 LEADER 01051nam0-2200325---450- 001 990008451930403321 005 20070117141419.0 035 $a000845193 035 $aFED01000845193 035 $a(Aleph)000845193FED01 035 $a000845193 100 $a20050922d1953----km-y0itay50------ba 101 2 $afre$alat 102 $aFR 105 $ay---n----00yy 200 1 $aHomélies sur le Cantique des cantiques$fOrigène$gintroduction, traduction et notes de dom Olivier Rousseau 210 $aParis$cLes éditions du cerf$d1953 215 $a112 p. (58-103 doppie)$d20 cm 225 1 $aSources chrétiennes$v37 500 10$aIn Canticum Canticorum homiliae$m$942260 676 $a251 700 0$aOrigenes$f<184-253>$0164524 702 1$aRousseau,$bOlivier$f<1898-1984> 801 0$aIT$bUNINA$gRICA$2UNIMARC 901 $aBK 912 $a990008451930403321 952 $aP2B-590-S.C.-ORIGEN.-419A-1953$bBibl.27730$fFLFBC 959 $aFLFBC 996 $aIn Canticum Canticorum homiliae$942260 997 $aUNINA LEADER 03582nam 2200709 450 001 9910460716103321 005 20200903223051.0 010 $a1-5015-0135-6 010 $a1-5015-0140-2 024 7 $a10.1515/9781501501357 035 $a(CKB)3710000000392877 035 $a(EBL)1767592 035 $a(SSID)ssj0001497076 035 $a(PQKBManifestationID)11920770 035 $a(PQKBTitleCode)TC0001497076 035 $a(PQKBWorkID)11489061 035 $a(PQKB)10541024 035 $a(MiAaPQ)EBC1767592 035 $a(DE-B1597)444507 035 $a(OCoLC)908632785 035 $a(OCoLC)911214916 035 $a(DE-B1597)9781501501357 035 $a(PPN)187985367 035 $a(Au-PeEL)EBL1767592 035 $a(CaPaEBR)ebr11049334 035 $a(CaONFJC)MIL807665 035 $a(OCoLC)908519339 035 $a(EXLCZ)993710000000392877 100 $a20150509h20152015 uy 0 101 0 $afre 135 $aur|n|---||||| 181 $ctxt 182 $cc 183 $acr 200 10$aAverroe?s: le philosophe et la Loi $ee?dition, traduction et commentaire de l'abre?ge? du Mustasfa /$fpar Ziad Bou Akl 210 1$aBoston, [Massachusetts] ;$aBerlin, [Germany] ;$aMunich, [Germany] :$cDe Gruyter,$d2015. 210 4$d©2015 215 $a1 online resource (511 p.) 225 1 $aScientia Graeco-Arabica,$x1868-7172 ;$vBand 14 300 $aDescription based upon print version of record. 311 $a1-5015-0136-4 311 $a1-5015-1035-5 320 $aIncludes bibliographical references and index. 327 $tFrontmatter -- $tRemerciements -- $tTable des matières -- $tLe philosophe et la Loi -- $tIntroduction -- $tChapitre premier. Authenticité et véracité du texte révélé -- $tDeuxième chapitre. ?ann et interprétation -- $tTroisième chapitre. La question de l'i?tih?d -- $tIntroduction textuelle -- $tL'Abrégé du Musta?f? -- $t[Introduction] -- $tDe la première partie du livre : [du statut] -- $tDe la deuxième partie du livre : [des sources de la Loi] -- $tDe la troisième partie de l'Abrégé : [des méthodes d'interprétation] -- $tDe la quatrième partie : [des conditions de celui qui fait un effort d'interprétation] -- $tCommentaire -- $tBibliographie -- $tIndices -- $tI. Index coranique -- $tII. Index des informations traditionnelles -- $tIII. Index des noms propres, des groupes, des oeuvres et des noms de lieux -- $tIV. Index des notions principales 330 $aOne of Averroes' (Ibn Rushd) earliest works is dedicated to law. The work comprises a summary of al-Ghazali's work on legal theory called al-Mustasfa min 'ilm al-usul. This volume presents a new edition of the Arabic text accompanied by a French translation and commentary. The edition is preceded by a study that draws attention to the main points of difference between the two philosophers. 410 0$aScientia Graeco-Arabica ;$vBand 14. 606 $aIslamic law$xInterpretation and construction 606 $aIslamic philosophy 608 $aElectronic books. 610 $aAverroes, al-Ghazâlî, Arabic philosophy, usûl al-fiqh/Islamic legal theory. 615 0$aIslamic law$xInterpretation and construction. 615 0$aIslamic philosophy. 676 $a181.5 700 $aBou Akl$b Ziad$0905321 702 $aBou Akl$b Ziad, $4edt$4http://id.loc.gov/vocabulary/relators/edt 801 0$bMiAaPQ 801 1$bMiAaPQ 801 2$bMiAaPQ 906 $aBOOK 912 $a9910460716103321 996 $aAverroe?s: le philosophe et la Loi$92298340 997 $aUNINA LEADER 01933nam 2200433Ia 450 001 996395389403316 005 20210104171446.0 035 $a(CKB)3810000000017610 035 $a(EEBO)2240922989 035 $a(OCoLC)ocn751969727e 035 $a(OCoLC)751969727 035 $a(EXLCZ)993810000000017610 100 $a20110912d1616 uy 0 101 0 $aeng 135 $aurbn||||a|bb| 200 10$aBy the King$b[electronic resource] $eA proclamation concerning the Kings euill. Whereas such people as repaire to His Maiestie for healing of the Kings euill, haue in former times forborne to approch or offer themselues to the former Kings of this realme, during the Summer time, in respect of danger .. 210 $aImprinted at London $cby Robert Barker, Printer to the Kings most Excellent Maiestie.$danno Dom. 1616. 215 $a1 sheet ([1] p.) $ccoat of arms 300 $aTitle taken from caption and first lines of text. 300 $aHeadpiece, royal coat of arms, initial. 300 $a"Giuen at our pallace of Westminster the 26. day of March, in the foureteenth yeere of our reigne of Great Britaine, France and Ireland." 300 $aNone to come for healing between Easter and Michaelmas. 300 $aReproduction of original in: Queen's College (University of Oxford). Library. 330 $aeebo-0119 606 $aScrofula$zEngland$vEarly works to 1800 606 $aRoyal touch$zEngland$vEarly works to 1800 607 $aGreat Britain$xHistory$yJames I, 1603-1625$vSources$vEarly works to 1800 608 $aBroadsides$zEngland$y17th century.$2rbgenr 608 $aProclamations$zEngland$y17th century.$2rbgenr 615 0$aScrofula 615 0$aRoyal touch 701 $aJames$cKing of England,$f1566-1625.$01001019 801 0$bUMI 801 1$bUMI 801 2$bUMI 906 $aBOOK 912 $a996395389403316 996 $aBy the King$92299281 997 $aUNISA